000 00727nam a2200265Ia 4500
003 OSt
005 20220925224920.0
006 a|||||r|||| 00| 0
007 ta
008 220923b |||||||| |||| 00| 0 eng d
020 _a0415317606
037 _cGeneral Book
040 _aRTL
_cRTL
_beng
041 _2eng
_aeng
082 _aYb4, P3
100 _aBurr Vivien
_916831
245 0 _aSocial constructionism
250 _aEd 2
260 _aLondon
_bRoutledge Published
_c2003
300 _ax, 229p
_ccm.
500 _aBibliography: P 211-222; Glossary: P 201-206
650 _aSociology Research Methodology
_9245172
942 _hYb4, P3
_cGB
_2CC
999 _c582581
_d582581